Pensar en grande, pensar en pequeno y simplemente no pensar (Registro nro. 29071)

Detalles MARC
000 -CABECERA
campo de control de longitud fija 00503naa a22001937a 4500
001 - NÚMERO DE CONTROL
campo de control 29071
003 - IDENTIFICADOR DEL NÚMERO DE CONTROL
campo de control 94331
005 - FECHA Y HORA DE LA ÚLTIMA TRANSACCIÓN
campo de control 20201118100613.0
008 - DATOS DE LONGITUD FIJA--INFORMACIÓN GENERAL
campo de control de longitud fija ||||||n9999 ||| || ||
041 ## - CÓDIGO DE LENGUA
Código de lengua del texto/banda sonora o título independiente spa
100 ## - ENTRADA PRINCIPAL--NOMBRE DE PERSONA
Nombre de persona Goodin, Robert
245 #0 - MENCIÓN DE TÍTULO
Título Pensar en grande, pensar en pequeno y simplemente no pensar
260 ## - PUBLICACIÓN, DISTRIBUCIÓN, ETC.
Lugar de publicación, distribución, etc. México :
Nombre del editor, distribuidor, etc. Miguel Ángel Porrúa,
Fecha de publicación, distribución, etc. 1992.
300 ## - DESCRIPCIÓN FÍSICA
Extensión 31p
562 ## - NOTA DE IDENTIFICACIÓN DE LA COPIA Y VERSIÓN
Número de copias 0
650 ## - PUNTO DE ACCESO ADICIONAL DE MATERIA--TÉRMINO DE MATERIA
Término de materia o nombre geográfico como elemento de entrada TOMA DE DECISIONES
773 ## - ENLACE AL DOCUMENTO FUENTE/ENTRADA DE REGISTRO ANFITRIÓN
Número bibliográfico anfitrión 15666
Encabezamiento principal La hechura de las políticas
942 ## - ELEMENTOS DE PUNTO DE ACCESO ADICIONAL (KOHA)
Tipo de ítem Koha Capítulo de Libro

No hay ítems disponibles.